[Event "Olympiad Women 2024"]
[Site "Budapest HUN"]
[Date "2024.09.20"]
[Round "9.2"]
[Board "2"]
[White "Hoang, Thanh Trang"]
[Black "Li, Yunshan"]
[Result "1-0"]
[WhiteElo "2351"]
[BlackElo "2268"]
[PlyCount "67"]
[EventDate "2024.09.11"]
[WhiteTeam "Hungary"]
[BlackTeam "Canada"]
[WhiteTeamCountry "HUN"]
[BlackTeamCountry "CAN"]

1. d4 d5 2. Nf3 Nf6 3. e3 e6 4. Bd3 c5 5. O-O Nc6 6. b3 b6 7. Bb2 Be7 8. Nbd2 O-O 9. a3 Bb7 10. Qe2 Re8 11. Rad1 cxd4 12. exd4 Bf8 13. Ne5 g6 14. f4 Bg7 15. Rf2 $146 ({RR} 15. Qf3 Qc7 16. Qh3 Rad8 17. Ndf3 h6 18. g4 Ne4 19. Rde1 Ne7 20. Nh4 Rf8 21. f5 Bxe5 22. dxe5 Qc5+ 23. Qe3 Qxe3+ 24. Rxe3 g5 25. Ng2 Nc5 26. Bb5 a6 27. Be2 d4 28. Rh3 Kh7 29. b4 Na4 {1-0 Arias,L (2035)-Jaeg,C FRA-chT France 1991}) 15... Nd7 16. Re1 Nf8 17. Ndf3 f6 18. Nxc6 Bxc6 19. Qd2 Qd6 20. Rfe2 Bh6 21. g3 a5 22. a4 Nd7 23. Qc1 Bf8 24. f5 e5 25. dxe5 fxe5 26. Nxe5 Qc5+ 27. Kf1 Nxe5 28. Bxe5 Bd7 29. Kg2 Bg7 30. fxg6 hxg6 31. Bxg7 Kxg7 32. Qg5 Qd6 33. Re7+ Rxe7 34. Qxe7+ 1-0

[Event "Olympiad Women 2024"]
[Site "Budapest HUN"]
[Date "2024.09.20"]
[Round "9.2"]
[Board "3"]
[White "Pham, Bich Ngoc"]
[Black "Terbe, Julianna"]
[Result "1/2-1/2"]
[WhiteElo "2199"]
[BlackElo "2245"]
[PlyCount "221"]
[EventDate "2024.09.11"]
[WhiteTeam "Canada"]
[BlackTeam "Hungary"]
[WhiteTeamCountry "CAN"]
[BlackTeamCountry "HUN"]

1. Nf3 d5 2. g3 Nf6 3. Bg2 c6 4. c4 dxc4 5. O-O Nbd7 6. Na3 Nb6 7. Qc2 g6 8. Nxc4 Nxc4 9. Qxc4 Bg7 10. b3 ({RR} 10. d3 O-O 11. Bd2 Nd5 12. Qc1 a5 13. Bh6 Bg4 14. Bxg7 Kxg7 15. Ne5 Be6 16. d4 Nf6 17. Rd1 Qb6 18. e4 Rfd8 19. Qc3 Kg8 20. Rd3 Rd6 21. Rad1 Rad8 22. b3 Qb4 23. Qa1 a4 24. h3 axb3 {½-½ Aronian,L (2794)-Vitiugov,N (2735) Grenke Chess Classic 5th 2018 (7)}) 10... O-O ({RR} 10... Be6 11. Qc2 O-O 12. Bb2 Rc8 13. Ne5 Qc7 14. Rac1 Rfd8 15. d4 Nd7 16. Nd3 Nf8 17. e3 h5 18. Nc5 h4 19. Nxe6 Nxe6 20. Bh3 Qd6 21. Qc4 hxg3 22. hxg3 f5 23. Bg2 Kh7 24. Qa4 a6 25. Ba3 {1-0 Duda,J (2732)-Szpar,M (2495) Titled Tue 13th Feb Late 2024 (10)}) 11. Bb2 a5 12. a3 $146 ({RR} 12. Rad1 a4 13. e4 Qb6 14. Bd4 Qa5 15. Bc3 Qh5 16. Ne5 Ne8 17. d4 Nd6 18. Qd3 axb3 19. axb3 Be6 20. Bf3 Qh3 21. Bg2 Qh5 22. h4 Bxe5 23. dxe5 Nb5 24. Bb4 Rfe8 25. f4 Bg4 26. Rd2 Nc7 {0-1 Gombocz,F (2239)-Terbe,Z (2175) Budapest Rigochess02 IM 2020 (3)}) 12... Be6 13. Qc3 Qb6 14. b4 Ne8 15. Ne5 Nd6 16. d3 Rfd8 17. Qc5 Qxc5 18. bxc5 Nb5 19. f4 a4 20. Rfd1 Bb3 21. Rd2 f6 22. Nf3 Rd7 23. Bh3 e6 24. e3 Rad8 25. d4 Re7 26. Rf2 Bd5 27. Bf1 Nc7 28. Nd2 e5 29. Nc4 exd4 30. Bxd4 Nb5 31. f5 gxf5 32. Bb2 Be4 33. Nb6 Nc7 34. Bc4+ Nd5 35. Nxa4 Kf7 36. Nc3 Kg6 37. Nxe4 fxe4 38. Rd1 Red7 39. Rfd2 Bf8 40. Bd4 Nc7 41. Rf1 Be7 42. Rf4 h5 43. g4 h4 44. Re2 Rxd4 45. exd4 Rxd4 46. Rfxe4 Rxe4 47. Bd3 Bxc5+ 48. Kg2 Bxa3 49. Bxe4+ Kg5 50. Rf2 Kxg4 51. Rxf6 h3+ 52. Kf1 Nd5 53. Rf7 Bd6 54. Kg1 Bc5+ 55. Kh1 Ne3 56. Bf3+ Kg5 57. Rxb7 Bd4 58. Bxc6 Ng4 59. Rd7 Be5 60. Rh7 Nxh2 61. Rxh3 Ng4 62. Kg2 Kf4 63. Rf3+ Kg5 64. Bd7 Bf4 65. Ra3 Ne5 66. Bh3 Kf6 67. Ra8 Bc1 68. Kg3 Bd2 69. Kh4 Be1+ 70. Kh5 Bd2 71. Ra6+ Kf7 72. Be6+ Ke7 73. Bd5 Kd7 74. Bb3 Kc7 75. Ra2 Bb4 76. Kg5 Nc6 77. Kf4 Bd6+ 78. Ke4 Kb6 79. Be6 Bc5 80. Rh2 Nb4 81. Bc4 Kc6 82. Rh6+ Kc7 83. Bb5 Bf8 84. Rg6 Bc5 85. Ba4 Kb7 86. Ke5 Kc7 87. Ke6 Bf8 88. Rg5 Nc6 89. Rg8 Ba3 90. Rg3 Bb2 91. Rg2 Nd8+ 92. Ke7 Ba3+ 93. Ke8 Ne6 94. Rg6 Nd4 95. Rg3 Bc5 96. Rc3 Kd6 97. Rh3 Kc7 98. Rh6 Bb4 99. Rh7+ Kd6 100. Rh6+ Kc7 101. Kf7 Bc5 102. Kf6 Kd6 103. Kg5+ Ke5 104. Kg4 Bd6 105. Be8 Kd5 106. Bf7+ Kc5 107. Rh5+ Kb4 108. Rd5 Bc5 109. Kf4 Nb5 110. Ke5 Nc3 111. Rd8 1/2-1/2

[Event "Olympiad Women 2024"]
[Site "Budapest HUN"]
[Date "2024.09.20"]
[Round "9.2"]
[Board "4"]
[White "Lazarne Vajda, Szidonia"]
[Black "Demchenko, Svitlana"]
[Result "1-0"]
[WhiteElo "2283"]
[BlackElo "2167"]
[PlyCount "107"]
[EventDate "2024.09.11"]
[WhiteTeam "Hungary"]
[BlackTeam "Canada"]
[WhiteTeamCountry "HUN"]
[BlackTeamCountry "CAN"]

1. d4 Nf6 2. Nf3 g6 3. g3 Bg7 4. Bg2 O-O 5. c4 d6 6. O-O Bf5 7. Nc3 Ne4 8. Nxe4 Bxe4 9. Be3 Nd7 ({RR} 9... c5 10. dxc5 Bxb2 11. Rb1 Bxb1 12. Qxb1 Bf6 13. Qxb7 Nd7 14. cxd6 exd6 15. Nd4 Rc8 16. Nc6 Qc7 17. Rb1 a5 18. Qxc7 Rxc7 19. Nxa5 Rfc8 20. Rd1 Be7 21. Bd5 Nc5 22. Bd4 Kf8 23. Rb1 Ra7 24. Rb5 {½-½ Aronian,L (2782)-Carlsen,M (2855) Meltwater Tour Final rapid 2021 (8.3)}) 10. Qd2 Re8 $146 ({RR} 10... c5 11. Rfd1 Rc8 12. Rac1 b6 13. Bh6 Nf6 14. Bxg7 Kxg7 15. b3 Qd7 16. Qe3 Rfe8 17. Nd2 Bxg2 18. Kxg2 b5 19. cxb5 cxd4 20. Qxd4 Qxb5 21. e3 e5 22. Qb2 Qb7+ 23. Kg1 d5 24. Rxc8 Qxc8 25. b4 {0-1 Metin,M (2190)-Iskandarov,M (2486) Kesan op 16th 2018 (4)}) ({RR} 10... c6 11. Rad1 a5 12. Bh3 Bxf3 13. exf3 e6 14. Rfe1 d5 15. Bf1 dxc4 16. Bxc4 Nb6 17. Be2 Nd5 18. h4 a4 19. Kg2 Qa5 20. Qc1 a3 21. Bc4 axb2 22. Qxb2 Nxe3+ 23. fxe3 b5 24. Bb3 c5 25. Re2 {½-½ Tica,S (2425)-Livaic,L (2542) Croatian Cup 2024 (6.1)}) ({RR} 10... c5 11. d5 Qb6 12. Bh6 Bxf3 13. Bxf3 Bxh6 14. Qxh6 Qxb2 15. Rab1 Qg7 16. Qxg7+ Kxg7 17. Rxb7 Rfd8 18. e3 Rab8 19. Rfb1 a5 20. R1b5 Rxb7 21. Rxb7 Kf6 22. Be2 e6 23. f4 exd5 24. cxd5 Kg7 25. Bf3 {1-0 Molina,R (2403)-Derjabin,I (2333) Titled Tue 21st Mar Early 2023 (6)}) 11. Bh6 Bh8 12. Qf4 Bxf3 13. Bxf3 e5 14. dxe5 dxe5 15. Qe4 Nc5 16. Qe3 Qe7 17. Bd5 Ne6 18. Bxb7 Rab8 19. Bc6 Red8 20. b3 Nd4 21. Be4 c6 22. Rad1 Re8 23. h4 f5 24. Bg2 a5 25. Rd2 a4 26. bxa4 Rb4 27. Rc1 Qc5 28. Rxd4 Qxd4 29. Qxd4 exd4 30. Bxc6 Kf7 31. Bxe8+ Kxe8 32. Rc2 Kd7 33. a5 Kc6 34. a3 Ra4 35. Bf8 Rxa5 36. Bb4 Ra4 37. Kg2 Be5 38. Rd2 Ra8 39. Kf3 Re8 40. Rd3 Bf6 41. e3 Re4 42. exd4 Bxd4 43. Rd2 h6 44. Re2 Rxe2 45. Kxe2 Ba7 46. Bd2 Bc5 47. a4 h5 48. Be3 Bb4 49. Kf3 Bd6 50. a5 Kb7 51. Bb6 Be5 52. Ke3 f4+ 53. Ke4 Bd6 54. c5 1-0

[Event "Olympiad Women 2024"]
[Site "Budapest HUN"]
[Date "2024.09.20"]
[Round "9.3"]
[Board "1"]
[White "Tokhirjonova, Gulrukhbegim"]
[Black "Vaishali, Rameshbabu"]
[Result "1-0"]
[WhiteElo "2380"]
[BlackElo "2498"]
[PlyCount "67"]
[EventDate "2024.09.11"]
[WhiteTeam "United States of America"]
[BlackTeam "India"]
[BlackTeamCountry "IND"]

1. c4 e5 2. g3 Nf6 3. Bg2 Bc5 4. Nc3 c6 5. e3 O-O 6. Nge2 d5 7. cxd5 Nxd5 8. d4 exd4 9. Nxd5 cxd5 10. Nxd4 Nc6 11. Nb3 ({RR} 11. Nxc6 bxc6 12. O-O Be6 13. Qc2 Qb6 14. b3 d4 15. exd4 Bxd4 16. Bb2 Bxb2 17. Qxb2 Rac8 18. Rac1 c5 19. Rc2 c4 20. bxc4 Rxc4 21. Qxb6 axb6 22. Rxc4 Bxc4 23. Rb1 Bxa2 24. Rxb6 Be6 25. Ra6 g6 {½-½ Carlsen,M (2843)-Ding,L (2791) Norway Masters blitz 6th 2018 (5)}) 11... Bb6 12. O-O Be6 13. Bd2 Re8 $146 ({RR} 13... d4 14. exd4 Nxd4 15. Bc3 Nxb3 16. axb3 Qxd1 17. Rfxd1 Rad8 18. b4 Bb3 19. Rxd8 Rxd8 20. Bxb7 h5 21. h4 Rd3 22. Kg2 Bd5+ 23. Bxd5 Rxd5 24. Re1 Kf8 25. Re5 Rxe5 26. Bxe5 f6 27. Bd6+ Kf7 28. Bc5 {0-1 Olsson,W (2363)-Lenaerts,L (2300) Titled Tue 30th Jul Late 2024 (7)}) 14. Bc3 Qg5 15. a4 Rad8 16. Nd4 Bg4 17. Qd2 Bc7 18. Rac1 Qh5 19. Nxc6 bxc6 20. Qd4 Be5 21. Qxa7 Bxc3 22. Rxc3 Rd6 23. Qc7 Rh6 24. h4 g5 25. Rxc6 Be6 26. Rd6 Kg7 27. Rd8 Rxd8 28. Qxd8 gxh4 29. Qxh4 Qf5 30. Qd4+ f6 31. Rc1 Qh5 32. Rc7+ Kg6 33. Qd3+ Bf5 34. Qxd5 1-0

[Event "Olympiad Women 2024"]
[Site "Budapest HUN"]
[Date "2024.09.20"]
[Round "9.3"]
[Board "2"]
[White "Divya, Deshmukh"]
[Black "Yip, Carissa"]
[Result "1/2-1/2"]
[WhiteElo "2483"]
[BlackElo "2386"]
[PlyCount "55"]
[EventDate "2024.09.11"]
[WhiteTeam "India"]
[BlackTeam "United States of America"]
[WhiteTeamCountry "IND"]

1. d4 {ChessBase II} d5 2. c4 dxc4 3. Nf3 c5 4. e3 cxd4 5. exd4 Be6 6. Nc3 Nf6 7. Ne5 Nc6 8. Nxc6 bxc6 9. Qa4 Qb6 ({RR} 9... Qd7 10. Bxc4 Bxc4 11. Qxc4 Rb8 12. Bf4 Rxb2 13. O-O e6 14. Rab1 Rb6 15. Na4 Rb5 16. Nc3 Rxb1 17. Rxb1 Bd6 18. Bxd6 Qxd6 19. Qa6 O-O 20. Qxa7 Ng4 21. g3 e5 22. Rd1 Qh6 23. h4 f5 24. dxe5) 10. Bxc4 Bxc4 11. Qxc4 e6 12. O-O Be7 13. Bf4 $146 ({RR} 13. Be3 O-O ({RR} 13... Nd5 14. Nxd5 exd5 15. Qc2 O-O 16. Rac1 Rac8 17. Rfd1 f5 18. Bf4 g5 19. Be5 c5 20. dxc5 Rxc5 21. Qd2 Qc6 22. Rxc5 Qxc5 23. h4 h6 24. Rc1 Qb4 25. Qxd5+ Rf7 26. Rc8+) 14. Na4 Qb5 15. Rac1 Rac8 16. b3 Ne4 17. Nc5 Nd6 18. Qc2 Nf5 19. Qe4 Nd6 20. Qc2 Rfd8 21. Rfd1 Bf6 22. Ne4 Nxe4 23. Qxe4 Rd5 24. h3 h6 25. Rc4 Rcd8 26. Rdc1 R8d6 27. g3 Qa6 {½-½ Sakalauskas,V (2351)-Mikhalchishin,A (2479) EU-ch rapid Katowice 2017 (8)}) ({RR} 13. Be3 Nd5 14. Nxd5 exd5 15. Qc2 O-O 16. Rac1 Rac8 17. Rfd1 f5 18. Bf4 g5 19. Be5 c5 20. dxc5 Rxc5 21. Qd2 Qc6 22. Rxc5 Qxc5 23. h4 h6 24. Rc1 Qb4 25. Qxd5+ Rf7 26. Rc8+ {1-0 Darazs,Z (2236)-Lakat,G (1949) Budapest FS04 FM-A 2007 (4)}) ({RR} 13. Be3 O-O 14. Qe2 Nd5 15. Nxd5 cxd5 16. Rad1 ({RR} 16. Rfd1) ({RR} 16. Rac1 Rac8) 16... Rfc8 17. Bf4 Bf6 18. Qd2 Rc4 19. Be3 Rac8 20. Rc1 h6 21. g3 ({RR} 21. Rxc4 Rxc4 22. Rd1) 21... Rxc1 22. Rxc1 Rxc1+ 23. Qxc1 Bxd4 24. Bxd4 Qxd4 25. Qc8+ Kh7 26. Qd7 Qxb2 27. Qxa7 d4 {0-1 Malassagne,I (2009)-Brochet,P (2383) Cap d'Agde GP CCAS 2013 (6)}) 13... O-O 14. Na4 Qb5 15. Rfc1 Rfc8 16. a3 Nd5 17. Be5 Nb6 18. Nxb6 axb6 19. Qxb5 cxb5 20. Bc7 Bd8 21. Bxd8 Rxd8 22. Rc6 Rab8 23. Rd1 Kf8 24. Kf1 Rdc8 25. Rdc1 Rd8 26. Rd1 Rdc8 27. Rdc1 Rd8 28. Rd1 1/2-1/2

[Event "Olympiad Women 2024"]
[Site "Budapest HUN"]
[Date "2024.09.20"]
[Round "9.3"]
[Board "3"]
[White "Krush, Irina"]
[Black "Vantika, Agrawal"]
[Result "0-1"]
[WhiteElo "2396"]
[BlackElo "2370"]
[PlyCount "70"]
[EventDate "2024.09.11"]
[WhiteTeam "United States of America"]
[BlackTeam "India"]
[BlackTeamCountry "IND"]

1. c4 Nf6 2. Nf3 e6 3. Nc3 d5 4. d4 Bb4 5. Qa4+ Nc6 6. e3 O-O 7. Qc2 b6 8. a3 Bxc3+ 9. Qxc3 Ba6 10. b3 Na5 11. Nd2 $146 ({RR} 11. Be2 dxc4 12. bxc4 Rc8 13. O-O c5 14. Rd1 Qc7 15. Bb2 Bxc4 16. Bxc4 cxd4 17. Rxd4 Nxc4 18. Rc1 b5 19. a4 Qb7 20. axb5 Nxb2 21. Qxb2 Qxb5 22. Qxb5 Rxc1+ 23. Qf1 Rxf1+ 24. Kxf1 Ra8 25. Ra4 a6 {½-½ Zabotin,A (2469)-Alekseev,E (2573) Pearl Rapid 2023 (7.4)}) ({RR} 11. Bd3 Rc8 12. Bb2 dxc4 13. Bxc4 Nxc4 14. bxc4 c5 15. Rd1 Qe7 16. d5 Rfd8 17. Qe5 Bxc4 18. d6 Qf8 19. Qf4 Bb3 20. Bxf6 gxf6 21. Rd2 c4 22. Qxf6 Qg7 23. Qxg7+ Kxg7 24. Ke2 f6 25. Rc1 e5 {0-1 Peyrer,K (2425)-Postlmayer,J (2358) ch-AUT 2024 Linz AUT (9.7)}) ({RR} 11. Be2 dxc4 12. bxc4 Rc8 13. a4 c5 14. dxc5 Bxc4 15. Bxc4 Rxc5 16. O-O Rxc4 17. Qb2 Rc5 18. Nd4 e5 19. Nf3 Qd5 20. Qe2 Nc4 21. Rd1 Qc6 22. Bd2 a5 23. Bc3 Ne4 24. Be1 Ncd6 25. Rab1 h6 {1-0 Zakhartsov,V (2523)-Alekseev,E (2573) Chigorin Mem Blitz 2023 (10.3)}) ({RR} 11. Bd2 dxc4 12. bxc4 Ne4 13. Qc2 Nxd2 14. Nxd2 Rc8 15. Bd3 Kh8 16. c5 Bxd3 17. Qxd3 Qd5 18. O-O e5 19. Qf5 Rfd8 20. cxb6 axb6 21. Nf3 exd4 22. Qxd5 Rxd5 23. Nxd4 c5 24. Ne2 Rd2 25. Nc3 Rd3 {0-1 Kunin,V (2592)-Alekseev,E (2626) Amsterdam Science Park op-A 2016 (5)}) 11... c5 12. dxc5 bxc5 13. Bd3 Re8 14. O-O e5 15. Bb2 e4 16. Bc2 Nc6 17. Rfe1 Ne5 18. Rad1 Qb6 19. Ba1 Rad8 20. cxd5 Nxd5 21. Qb2 f5 22. Nf1 Qg6 23. Ng3 Bd3 24. Qc1 Bxc2 25. Qxc2 Nd3 26. Rf1 h5 27. Ne2 h4 28. h3 Kh7 29. Nc1 Nxc1 30. Qxc1 f4 31. exf4 e3 32. f5 Qg5 33. Rxd5 exf2+ 34. Kxf2 Qg3+ 35. Kg1 Re2 0-1

[Event "Olympiad Women 2024"]
[Site "Budapest HUN"]
[Date "2024.09.20"]
[Round "9.3"]
[Board "4"]
[White "Tania, Sachdev"]
[Black "Lee, Alice"]
[Result "1/2-1/2"]
[WhiteElo "2386"]
[BlackElo "2384"]
[PlyCount "57"]
[EventDate "2024.09.11"]
[WhiteTeam "India"]
[BlackTeam "United States of America"]
[WhiteTeamCountry "IND"]

1. d4 Nf6 2. c4 e6 3. Nf3 d5 4. Nc3 c6 5. Bg5 Nbd7 6. cxd5 exd5 7. e3 h6 8. Bh4 Be7 9. Qc2 O-O 10. Bd3 Re8 11. O-O-O b5 12. Bg3 $146 ({RR} 12. Kb1 b4 13. Na4 Bb7 14. Rhg1 Ne4 15. Bxe7 Qxe7 16. g4 Rec8 17. Qe2 c5 18. Nxc5 Ndxc5 19. dxc5 Rxc5 20. Nd4 a5 21. h4 Qxh4 22. f3 Nf2 23. Nf5 Qh2 24. Rgf1 Nxg4 25. fxg4 Qe5 26. Qf2 f6 {1-0 Csolig,R (2162)-Zamodics,F (1894) HUN-chT2 Charousek 1213 2012 (1)}) ({RR} 12. Kb1 a5 13. g4 a4 14. g5 hxg5 15. Nxg5 Nb6 16. Rhg1 b4 17. Bh7+ Kf8 18. Nxf7 Kxf7 19. Qg6+ Ke6 20. Qf5+ Kf7 21. Qg6+ Ke6 22. Qf5+ Kf7 23. Rxg7+ Kxg7 24. Rg1+ Kf7 25. Qg6+ Ke6 26. Qf5+ Kf7 {1-0 Khusnutdinov,R (2484)-Bluebaum,M (2639) Titled Tuesday intern op 14th Sept blitz 2021 (10)}) ({RR} 12. Kb1 a5 13. Ne5 Nxe5 14. dxe5 Ng4 15. Bg3 Bf8 16. Ne2 Bd7 17. Nd4 Rc8 18. Nf3 h5 19. Bf5 Nh6 20. Bxd7 Qxd7 21. e4 Qg4 22. h3 Qxe4 23. Qxe4 dxe4 24. Ng5 Nf5 25. Nxe4 Nxg3 26. Nxg3 Rxe5 {1-0 Senft,S (2107)-Clarke,M (2127) Titled Tue 2nd Jan Late 2024 (8)}) ({RR} 12. g4 Ne4 13. Bxe7 Qxe7 14. Rdg1 a5 15. g5 h5 16. Bxe4 dxe4 17. Nd2 f5 18. gxf6 Nxf6 19. Rg5 Bg4 20. h3 b4 21. Na4 Nd7 22. Rg6 Be2 23. Rhg1 Bd3 24. Qb3+ Kh8 25. Qd1 Nf6 26. Rxg7 Qxg7 {1-0 Fuller,M-Yabra,F Olympiad-16 Final D 1964 (5)}) ({RR} 12. h3 a5 13. g4 Ne4 14. Bxe7 Qxe7 15. Kb1 Ba6 16. Rc1 b4 17. Nd1 Bxd3 18. Qxd3 Qf6 19. Nd2 Nxf2 20. Nxf2 Qxf2 21. e4 Qf4 22. Rce1 Qd6 23. Rhf1 Rad8 24. Rf5 dxe4 25. Nxe4 Qg6 26. Ref1 c5 {0-1 Rodriguez Gonzales,J-Zinn,L Olympiad-17 Final A 1966 (6)}) 12... Qa5 13. Kb1 Ba6 14. Ne5 Nxe5 15. dxe5 Nd7 16. Ne2 Nc5 17. Nd4 Qb6 18. Bf5 Bf8 19. Bf4 b4 20. g4 g6 21. Bxg6 fxg6 22. Qxg6+ Kh8 23. e6 Qb7 24. Be5+ Bg7 25. Qxh6+ Kg8 26. Qg6 Kh8 27. Qh6+ Kg8 28. Qg6 Kh8 29. Qh6+ 1/2-1/2

[Event "Olympiad Women 2024"]
[Site "Budapest HUN"]
[Date "2024.09.20"]
[Round "9.4"]
[Board "1"]
[White "Osmak, Yuliia"]
[Black "Mkrtchian, Lilit"]
[Result "1/2-1/2"]
[WhiteElo "2471"]
[BlackElo "2366"]
[PlyCount "59"]
[EventDate "2024.09.11"]
[WhiteTeam "Ukraine"]
[BlackTeam "Armenia"]
[WhiteTeamCountry "UKR"]
[BlackTeamCountry "ARM"]

1. c4 c5 2. Nc3 Nc6 3. g3 g6 4. Bg2 Bg7 5. Nf3 d6 6. d3 e6 7. Bg5 Nge7 8. e4 h6 9. Be3 Nd4 10. O-O O-O 11. Qd2 Kh7 12. Rab1 Nec6 13. a3 $146 ({RR} 13. Ne1 f5 14. f4 Rb8 15. Nc2 a6 16. exf5 gxf5 17. Ne2 Nxc2 18. Qxc2 Nd4 19. Bxd4 cxd4 20. b4 e5 21. c5 dxc5 22. bxc5 Rf7 23. Rb6 e4 24. Rfb1 Bf8 25. Qc4 Rc7 26. c6 Qd6 27. Kh1 Rxc6 {0-1 Ivanov,N (1960)-Lipatov,V (1919) Izhevsk Corporation Cup 6th 2014 (4)}) 13... a5 14. Bxd4 cxd4 15. Nb5 e5 16. b4 Qe7 17. Rfc1 b6 18. h4 Be6 19. bxa5 Nxa5 20. Ne1 h5 21. Qe2 Bh6 22. Rd1 Rfc8 23. Rb4 Nb7 24. Qf1 Rg8 25. Kh2 Bg4 26. Bf3 Be6 27. Bg2 Bg4 28. Bf3 Be6 29. Ng2 Nc5 30. Rdb1 1/2-1/2

[Event "Olympiad Women 2024"]
[Site "Budapest HUN"]
[Date "2024.09.20"]
[Round "9.4"]
[Board "2"]
[White "Mkrtchyan, Mariam"]
[Black "Ushenina, Anna"]
[Result "1/2-1/2"]
[WhiteElo "2328"]
[BlackElo "2417"]
[PlyCount "111"]
[EventDate "2024.09.11"]
[WhiteTeam "Armenia"]
[BlackTeam "Ukraine"]
[WhiteTeamCountry "ARM"]
[BlackTeamCountry "UKR"]

1. d4 d5 2. Nf3 Nf6 3. c4 e6 4. Nc3 Be7 5. Bf4 O-O 6. e3 c5 7. dxc5 Bxc5 8. Qc2 Nc6 9. Rd1 Qa5 10. a3 Re8 11. Nd2 e5 12. Bg5 Nd4 13. Qb1 Bf5 14. Bd3 Bxd3 15. Qxd3 Ne4 16. Nxd5 Nxg5 17. b4 Qd8 18. bxc5 Nde6 19. Qf5 Nxc5 20. h4 Nge6 21. h5 ({RR} 21. Nf3 f6 22. h5 h6 23. Rh3 Ng5 24. Nxg5 fxg5 25. Rf3 Kh8 26. e4 Ne6 27. Qxe5 Nc5 28. Qb2 Rxe4+ 29. Kf1 Qe8 30. g3 Qxh5 31. Kg2 Qg6 32. Qc2 Kh7 33. Re3 Rae8 34. Rxe4 Qxe4+ 35. Qxe4+ Rxe4 {0-1 Xi,Q (2217)-Zhang,Z (2392) ch-CHN Personal GpB m 2024 (9.1)}) 21... h6 22. O-O $146 ({RR} 22. Nf3 Qa5+ 23. Ke2 Nd7 24. Rh4 Qxa3 25. Rg4 Rac8 26. Rd2 Qa1 27. Rd1 Qb2+ 28. Kf1 b6 29. Kg1 a5 30. Nc3 Rcd8 31. Ne4 Nef8 32. Nd6 Re7 33. Rxg7+ Kxg7 34. Qg4+ Kh8 35. Nf5 Ne6 36. Nxe7 Nf6 {1-0 Tilicheev,V (2502)-Krasteva,B (2246) Plovdiv Tringov Memorial 42nd 2020 (3)}) ({RR} 22. Nf3 f6 23. O-O Rf8 24. Nh2 Qe8 25. Ng4 Kh8 26. f4 e4 27. Nf2 Qf7 28. Nxe4 Nxe4 29. Qxe4 Rae8 30. Qf5 Nc5 31. Nb4 Ne4 32. Rd7 Qxc4 33. Qg6 Rg8 34. Nd5 Qc6 35. Rxg7 Rxg7 36. Qf5 Reg8 {0-1 Fier,A (2560)-Lima,D (2516) Iberoamericano Chess24 blitz 2020 (1.4)}) 22... Ng5 23. f4 exf4 24. Rxf4 Qc8 25. Qb1 Qc6 26. Rdf1 Nce6 27. Rf5 Rad8 28. Qd3 Rd7 29. Nb3 Kh8 30. Nd4 Qd6 31. Ne2 Nc5 32. Qc2 Nce4 33. Qa4 b6 34. R1f4 Nc5 35. Qb4 Nd3 36. Qxd6 Rxd6 37. Rd4 Nc5 38. Nc7 Rxd4 39. exd4 Rxe2 40. dxc5 Rc2 41. cxb6 axb6 42. Na8 Ra2 43. Nxb6 Rxa3 44. Rc5 Ra1+ 45. Kh2 Rc1 46. Rc8+ Kh7 47. Nd7 g6 48. hxg6+ Kxg6 49. c5 Ne6 50. c6 Kf5 51. Nb8 Rc2 52. Na6 Rc4 53. c7 Rc6 54. Rh8 Nxc7 55. Nxc7 Rxc7 56. Rxh6 1/2-1/2

[Event "Olympiad Women 2024"]
[Site "Budapest HUN"]
[Date "2024.09.20"]
[Round "9.4"]
[Board "3"]
[White "Buksa, Nataliya"]
[Black "Danielian, Elina"]
[Result "1-0"]
[WhiteElo "2387"]
[BlackElo "2393"]
[PlyCount "97"]
[EventDate "2024.09.11"]
[WhiteTeam "Ukraine"]
[BlackTeam "Armenia"]
[WhiteTeamCountry "UKR"]
[BlackTeamCountry "ARM"]

1. e4 e6 2. d4 d5 3. Nc3 Bb4 4. e5 c5 5. Bd2 Ne7 6. a3 Bxc3 7. Bxc3 b6 8. h4 Ba6 9. Bxa6 Nxa6 10. Qe2 cxd4 ({RR} 10... Nb8 11. Nf3 Qc7 12. h5 h6 13. a4 Nd7 14. O-O Rc8 15. a5 O-O 16. Rfe1 Nc6 17. g4 cxd4 18. Bxd4 Nxa5 19. c3 Nb3 20. Rad1 Ndc5 21. Kh1 Ne4 22. Be3 Qc4 23. Qc2 f5 24. exf6 Rxf6 25. Ne5 {1-0 Brnusak,T (2229)-Bezdek,T (2022) 22nd Prague Open 2024 (5.15)}) 11. Bxd4 Nb8 $146 ({RR} 11... Nc5 12. Nf3 Rc8 13. h5 h6 14. O-O-O Nc6 15. Kb1 Qc7 16. g4 Ne4 17. c4 O-O 18. g5 hxg5 19. h6 Nxd4 20. Rxd4 g6 21. cxd5 exd5 22. Rxd5 Qc4 23. Qxc4 Rxc4 24. h7+ Kh8 25. e6 fxe6 26. Ne5 {½-½ Mastrovasilis,D (2589)-Teclaf,P (2586) TCh-POL Ekstraliga 2023 (2.1)}) ({RR} 11... Nc5 12. O-O-O Qc8 13. Kb1 Qa6 14. Qxa6 Nxa6 15. h5 h6 16. Ne2 Rc8 17. g4 Nc5 18. Ng3 O-O 19. Rhe1 g5 20. hxg6 fxg6 21. Rh1 Rf4 22. Rxh6 Rxg4 23. Rdh1 Rf8 24. c3 Kf7 25. Rh7+ Ke8 26. Rg7 {0-1 Alsina Leal,D (2533)-Hernando Rodrigo,J (2200) 13th ch-Mediterranean 2023 (5.7)}) ({RR} 11... Nc5 12. h5 h6 13. Nf3 Qc7 14. O-O-O O-O-O 15. Kb1 Kb7 16. g4 Rc8 17. b3 Ne4 18. Rd3 Nc6 19. Bb2 Qe7 20. Rc1 Rc7 21. Nd2 Nc5 22. Rg3 Qg5 23. Qe3 Qxe3 24. Rxe3 b5 25. f4 a5 26. Nf3 {0-1 Ponomarev,E (1674)-Pristalov,E (2205) Chigorin Memorial 2023 (9.61)}) 12. Nf3 Nbc6 13. O-O-O Qc7 14. h5 h6 15. Bc3 O-O-O 16. Rh4 Kb8 17. g3 Rhg8 18. Rf4 Rdf8 19. Bb4 Nxb4 20. axb4 g6 21. Rd3 gxh5 22. Rc3 Qd7 23. Nd4 Rg4 24. Rxg4 hxg4 25. Qxg4 a6 26. Qg7 Qe8 27. Qxh6 Kb7 28. Qf6 Ng6 29. Kd2 Qd8 30. Qxd8 Rxd8 31. f4 Ne7 32. b5 a5 33. Ke2 Rh8 34. Kf3 Rh1 35. Kg4 Rd1 36. Rd3 Rb1 37. b3 Kc7 38. Kg5 Kd7 39. g4 Rf1 40. Rf3 Rd1 41. Nc6 Ng6 42. f5 Nf8 43. Rh3 Rd2 44. Rh8 Ke8 45. Kf6 Rg2 46. Nd8 Rxg4 47. Nxf7 exf5 48. Nd6+ Kd7 49. Rxf8 1-0

[Event "Olympiad Women 2024"]
[Site "Budapest HUN"]
[Date "2024.09.20"]
[Round "9.4"]
[Board "4"]
[White "Sargsyan, Anna M."]
[Black "Gaponenko, Inna"]
[Result "1-0"]
[WhiteElo "2364"]
[BlackElo "2324"]
[PlyCount "43"]
[EventDate "2024.09.11"]
[WhiteTeam "Armenia"]
[BlackTeam "Ukraine"]
[WhiteTeamCountry "ARM"]
[BlackTeamCountry "UKR"]

1. e4 c5 2. Nf3 d6 3. d4 cxd4 4. Nxd4 Nf6 5. Nc3 g6 6. Be2 Bg7 7. Be3 Nc6 8. Qd2 O-O 9. O-O-O Nxd4 10. Bxd4 Be6 11. h4 Qa5 12. a3 Rfc8 13. h5 b5 14. hxg6 fxg6 15. Qg5 $146 ({RR} 15. Nd5 Qxd2+ 16. Rxd2 Nxd5 17. exd5 Bd7 18. Rh4 Bf6 19. Bxf6 exf6 20. Rhd4 Re8 21. c4 bxc4 22. Rxc4 Bb5 23. Rcc2 Bxe2 24. Rxe2 Rxe2 25. Rxe2 Rc8+ 26. Rc2 Rc5 27. b4 Rxc2+ 28. Kxc2 h5 29. Kd3 Kf7 {1-0 Gensana Berzunces,J (2080)-Hernandez Jimenez,G (2230) Catalunya-chT 1999 (2)}) 15... Rab8 16. f4 Bf7 17. e5 dxe5 18. Qxe5 Nh5 19. Qxe7 b4 20. axb4 Rxb4 21. Bxg7 Nxg7 22. Rd7 1-0